000 00554nam a22002052 4500
001 0000005891
005 20151217152007.0
008 070809s xx 000 0 eng d
020 _a1594520097 :
040 _aKABU
_cKABU
050 0 _aHF5388
_b.R87 2003
100 1 _aRush, Myron D.
_@0000150762
245 1 0 _aGod's business.
260 _aGeneva :
_bOasis,
_c2003.
300 _aviii, 177 p.
650 0 _aBusiness
_xReligious aspects.
_@0000157165
908 _a070809
950 _@1
999 _c7109
_d7109